Producción más limpia: paradigma de gestión ambiental
Uloženo v:
| Hlavní autoři: | , , |
|---|---|
| Médium: | Kniha |
| Jazyk: | španělština |
| Vydáno: |
Ciudad de México
Alfaomega
2008
|
| Vydání: | 1a. ed |
| Témata: | |
| Tagy: |
Přidat tag
Žádné tagy, Buďte první, kdo vytvoří štítek k tomuto záznamu!
|
MARC
| LEADER | 00000nam a2200000 a 4500 | ||
|---|---|---|---|
| 001 | UCI9006 | ||
| 003 | CL-VaPUC | ||
| 008 | 081016e20080000MX |||||||||||||||||spa|d | ||
| 020 | |a 9789701513675 | ||
| 082 | 0 | 4 | |a 363.7 |b HOO |2 21 |
| 100 | 0 | |a Hoof, Bart van |e author |9 532674 | |
| 700 | 0 | |a Monroy, Néstor |e author |9 532675 | |
| 700 | 0 | |a Saer, Alex |e author |9 532676 | |
| 245 | 1 | 0 | |a Producción más limpia: paradigma de gestión ambiental |
| 250 | |a 1a. ed | ||
| 300 | |a 280 p | ||
| 942 | |c BK | ||
| 945 | |d 20081016 00:00:00 |a jtorresc | ||
| 260 | |a Ciudad de México |b Alfaomega |c 2008 | ||
| 650 | 0 | |a Gestión ambiental |9 338121 | |
| 650 | 0 | |a Protección del medio ambiente |9 257626 | |
| 583 | |a last modification |c 20160929 09:21:47 |k Rodrigo Vera | ||
| 999 | |c 331715 |d 331713 | ||
| 952 | |0 0 |1 0 |4 0 |6 363_700000000000000_HOO_2008 |7 0 |8 A |9 418746 |a BIBCUR |b BIBCUR |d 2019-11-22 |i 4489209 |o 363.7 HOO 2008 |p 4489209 |r 2025-04-22 |w 2019-11-22 |y BK |k BCB | ||